| 000 | 01221nam a2200301 i 4500 | ||
|---|---|---|---|
| 001 | 8873 | ||
| 003 | KOSZ 005 | ||
| 005 | 20191004142538.0 | ||
| 008 | 071012s1970 pl a f 000 0 pol | ||
| 015 | _aPB 1971/7784 | ||
| 040 |
_aWA N _cWA N _dKOSZ 005/RW |
||
| 080 | _a69(438):338.98:351.82(438) | ||
| 245 | 0 | 0 |
_aPoradnik inspektora nadzoru inwestorskiego : _bpraca zbiorowa / _cpod red. Andrzeja Śliwowskiego i Stefana Mizery ; aut. Tadeusz Bratkowski [et al.] ; Polski Związek Inżynierów i Techników Budownictwa. |
| 250 | _aWyd. 2 rozsz., stan prawny na dzień 31 XII 1969 r. | ||
| 260 |
_aWarszawa : _b"Arkady", _c1970. |
||
| 300 |
_a463, [1] s., 3 s. tabl. : _bil., err. ; _c23 cm. |
||
| 380 | _aKsiążki. | ||
| 504 | _aBibliogr. przy rozdz. | ||
| 650 | 4 |
_aBudownictwo _xprawo _zPolska. |
|
| 650 | 4 |
_aNadzór budowlany _xprawo _zPolska. |
|
| 655 | 4 | _aPoradnik | |
| 700 | 1 |
_aŚliwowski, Andrzej. _eRedakcja |
|
| 700 | 1 |
_aMizera, Stefan. _eRedakcja |
|
| 700 | 1 |
_aBratkowski, Tadeusz. _eRedakcja |
|
| 710 | 2 |
_aWydawnictwo "Arkady". _4pbl. |
|
| 856 |
_uhttp://koha.tu.koszalin.pl/cgi-bin/koha/opac-detail.pl?biblionumber=8873 _yKatalog online BPK |
||
| 942 |
_2UKD _cKS |
||
| 999 |
_c8873 _d8873 |
||